Music Quiz

Random Music or Nominee Quiz
Score 0/93 Timer 10:00
1 Play Today
% Correct
Taylor Swift
89.3%
fun. ft. Janelle Monaé
81%
fun.
81%
fun. ft. Janelle Monaé
81%
fun.
81%
fun. ft. Janelle Monaé
81%
fun.
81%
Adele
80.3%
Kelly Clarkson
79%
Kelly Clarkson
79%
Kelly Clarkson
79%
Kelly Clarkson
79%
Gotye ft. Kimbra
76.3%
Gotye ft. Kimbra
76.3%
Gotye
76.3%
Carly Rae Jepsen
75.2%
Carly Rae Jepsen
75.2%
Jay-Z & Kanye West
70.6%
Maroon 5 ft. Wiz Khalifa
64.7%
Maroon 5
64.2%
LMFAO
63.1%
Katy Perry
62.2%
Kanye West ft. Big Sean, Pusha T & 2 Chainz
60.3%
The Lumineers
52.2%
Mumford & Sons
51.6%
Mumford & Sons
51.6%
Mumford & Sons
51.6%
Ed Sheeran
51.6%
Rihanna
50.7%
Coldplay
49.2%
Coldplay
49.2%
% Correct
The Black Keys
45.1%
The Black Keys
45.1%
The Black Keys
45.1%
The Black Keys
45.1%
The Black Keys
45.1%
Drake ft. Lil Wayne
43.2%
Drake
43.2%
Frank Ocean
39.2%
Frank Ocean
39.2%
Frank Ocean
39.2%
Carrie Underwood
33.9%
Skrillex ft. Sirah
32.8%
Florence + the Machine
31.6%
Florence + the Machine
31.6%
Avicii
31%
Swedish House Mafia ft. John Martin
30.3%
Usher
29.1%
Bruce Springsteen
27%
Bruce Springsteen
27%
Bruce Springsteen
27%
P!nk
25.1%
Jack White
25.1%
Jack White
25.1%
Jack White
25.1%
Muse
22.3%
Muse
22.3%
Hunter Hayes
19.9%
Hunter Hayes
19.9%
Miguel
19.1%
Miguel
19.1%
Miranda Lambert
19.1%
% Correct
Eric Church
16.8%
Calvin Harris ft. Ne-Yo
16.7%
Zac Brown Band
16.3%
2 Chainz
14.9%
Alabama Shakes
11.5%
Alabama Shakes
11.5%
Eli Young Band
11.3%
Lupe Fiasco
10.4%
Fiona Apple
9.8%
Nas
9.8%
Nas
9.8%
Rick Ross
9.2%
M83
8.8%
Björk
7.4%
Alan Jackson
6.9%
Megadeth
6%
Jamey Johnson
5.4%
Iron Maiden
5.3%
Halestorm
5.2%
The Roots
4.9%
Tom Waits
4.5%
Lamb of God
3.8%
Anthrax
3.7%
Ronnie Dunn
3.7%
Marilyn Manson
3.1%
Young Jeezy ft. André 3000 & Jay-Z
2.9%
Estelle
2.9%
Luke James
2.7%
Al Walser
2.1%
Robert Glasper Experiment ft. Ledisi
1.8%
The Time Jumpers
1.5%
Remove Ads.
Support Sporcle.
Get the best of Sporcle when you Go Orange. This ad-free experience offers more features, more stats, and more fun while also helping to support Sporcle. Thank you for becoming a member.

You're not logged in!

Compare scores with friends on all Sporcle quizzes.
OR
Log In

Show Comments

Extras

Top Quizzes Today


Score Distribution

Your Account Isn't Verified!

In order to create a playlist on Sporcle, you need to verify the email address you used during registration. Go to your Sporcle Settings to finish the process.

Report this User

Report this user for behavior that violates our Community Guidelines.

Details: